| 000 | 00985cam a22002891 4500 | ||
|---|---|---|---|
| 001 | 6537584 | ||
| 003 | OSt | ||
| 005 | 20230620115049.0 | ||
| 008 | 740829s1957 xx 000 0 eng | ||
| 010 | _a 58000435 | ||
| 015 | _aGB57-13334 | ||
| 035 | _a(OCoLC)993074 | ||
| 040 |
_aDLC _cOAU _dOClW _dUk _dDLC |
||
| 042 | _apremarc | ||
| 050 | 0 | 0 |
_aKTA2300 _b.H37 1957 |
| 082 |
_a320.8 _bHAR |
||
| 100 | 1 | _aHarris, Philip J. | |
| 245 | 1 | 0 |
_aLocal government in southern Nigeria; _ba manual of law and procedure under the Eastern Region local government law, 1955, and the Western region local government law, 1952. |
| 260 |
_aCambridge, _bUniversity press, _c1957. |
||
| 300 |
_axii, 348 p. _c22 cm. |
||
| 500 | _aIncludes legislation. | ||
| 650 | 0 |
_aLocal government _zNigeria. |
|
| 710 | 1 |
_aEastern Region (Nigeria). _kLaws, statutes, etc. |
|
| 710 | 1 |
_aWestern Region (Nigeria). _kLaws, statutes, etc. |
|
| 906 |
_a7 _bcbc _coclcrpl _du _encip _f19 _gy-gencatlg |
||
| 942 |
_2ddc _cBK |
||
| 999 |
_c1666 _d1666 |
||